Leader xxxxxxxxxx
001 __ PCLIS00035527
005 __ 20220121203710.0
010 0_ |a986-7494-75-X|b平裝|dNT$200
100 __ |a20051007d2005 m y0chiy09 e
101 0_ |achi|aeng
102 __ |atw
105 __ |aa z 000ey
200 1_ |a現在就是人生|e何厚華與生命的交換日記|f何厚華著
205 1_ |a初版
210 1_ |a臺北市|c春天出版|a臺北縣五股工業區|c凌域國際總經銷|d2005[民94]
215 1_ |a139, [15]面|c彩圖|d21公分|e1 CD
225 2_ |a何厚華作品|dHoward|v1
300 __ |a題名取自版權頁
300 __ |a部分內容為英文
300 __ |a封面及書背英文題名: Both sides now
517 1_ |a何厚華與生命的交換日記|zchi
517 1_ |aBoth sides now|zeng
681 __ |a855|b8746
681 __ |a855|b2174 88
700 _1 |a何|b厚華|f1965- |4著
801 _0 |atw|b內湖高中|c20051007|gCCR
|